Tanári képesítés kiterjesztése [rövid hír]
Elmentve itt :
| Dokumentumtípus: | Cikk |
|---|---|
| Megjelent: |
1942-05-12
|
| Sorozat: | Délmagyarország
18 No. 107 |
| Kulcsszavak: | Szabó Pál Zoltán, Tanári kinevezés Szeged 1942, Szeged |
| Online Access: | http://dmarchiv.bibl.u-szeged.hu/33963 |
| LEADER | 00468nab a2200145 i 4500 | ||
|---|---|---|---|
| 001 | delm33963 | ||
| 005 | 20180927112916.0 | ||
| 008 | 180927s1942 hu o 0|| hun d | ||
| 040 | |a SZTE Délmagyarország Archívum |b hun | ||
| 041 | |a hun | ||
| 245 | 0 | 0 | |a Tanári képesítés kiterjesztése |h [elektronikus dokumentum] : |b [rövid hír] |
| 260 | |c 1942-05-12 | ||
| 300 | |a 6 | ||
| 490 | 0 | |a Délmagyarország |v 18 No. 107 | |
| 695 | |a Szabó Pál Zoltán, Tanári kinevezés Szeged 1942, Szeged | ||